000
00215nam a22000857a 4500
999
_c
11460
_d
11460
008
190525b ||||| |||| 00| 0 eng d
020
_a
9789384603496
100
_9
7179
_a
CHAUDHARY SUNIL
245
_a
LEARN TO PLAY SWIMMING